• 首页
  • 本馆介绍
  • 公告通知
  • 最新文献
  • 馆藏检索
  • 电子资源
  • 读者导购
  • 参考咨询
  • 我的图书馆
  • 登录
  • 详细信息显示
  • 放入我的书架
  • 预约/预借图书
  • 作者相关作品
  • 分类相关作品
  • 丛书相关作品
  • 出版社相关作品

书目信息

  • 表格格式
  • 工作单格式
  • 卡片格式
题名:
未来军事家必读之必胜兵法
    
 
作者: 谢永亮 编著
分册:  
出版信息: 北京   中国文联出版社  2005
页数: 208页
开本: 21cm
丛书名:
单 册:
中图分类: E89
科图分类:
主题词: 兵法--世界
电子资源:
ISBN: 7-5059-4934-9
000 01072nam0 2200301 450
000 01035nam0 2200289 450
000 01034nam0 2200301 450
000 00980nam0 2200277 450
000 01009nam0 2200265 450
000 00972nam0 2200253 45
001 TS-190302
005 20061229085545.18
010    @a7-5059-4934-9@dCNY12.00
100    @a20060829d2005 em y0chiy0110 ea
101 0  @achi
102    @aCN@b110000
105    @ay z 000yy
200 1  @a未来军事家必读之必胜兵法@Awei lai jun shi jia bi du zhi bi sheng bing fa@f谢永亮编著@FXie Yong Liang Bian Zhu
210    @a北京@c中国文联出版社@d2005
215    @a208页@d21cm
300    @a本书将最常用兵法提炼总结分为“以谋制胜法”、“以奇制胜法”、“以势制胜法”和“以将制胜法”等共23法,在每法中又将实战运用和兵法相结合。
606 0  @a兵法@y世界
690    @aE89@v4
701  0 @a谢永亮@Axie yong liang@c(军事)@4编著
801  0 @aCN@b中图数据@c20061229
905    @a10447@dE89@e48
    
    未来军事家必读之必胜兵法/谢永亮编著.-北京:中国文联出版社,2005
    208页;21cm
    本书将最常用兵法提炼总结分为“以谋制胜法”、“以奇制胜法”、“以势制胜法”和“以将制胜法”等共23法,在每法中又将实战运用和兵法相结合。
    
    ISBN 7-5059-4934-9:CNY12.00
    
●
相关链接 在E读中查询图书 在五车中查询图书 在当当中查询图书 在豆瓣中查询图书


正题名:未来军事家必读之必胜兵法     索取号:E89/48         预约/预借

序号 登录号 条形码 馆藏地/架位号 状态 备注
1 0611715   206117156   第一样本阅览室/ [索取号:E89/48] 在馆    
2 0611716   206117165   第一借阅区/ [索取号:E89/48] 在馆    
3 0611717   206117174   第一借阅区/ [索取号:E89/48] 在馆    
4 0611718   206117183   第一借阅区/ [索取号:E89/48] 在馆    
5 0611719   206117192   第一借阅区/ [索取号:E89/48] 在馆    
6 0611720   206117209   第一借阅区/ [索取号:E89/48] 在馆    
唐山师范学院图书馆 欢迎您!
大连网信软件有限公司© 版权所有